00942nam a2200217 a 450000100100000000500170001000800410002704000250006808200180009310000330011124500630014426000700020730000210027759000760029865100390037465100530041391000370046604900090050395201950051299900170070700003507920200930074105.0111024s1943 pr 000 0 spa d aDO-SdBNPbspacBNPHU a972.95bM672j1 aMiranda, Luis Antonio96073913aLa justicia social en Puerto Rico /cLuis Antonio Miranda. aSan Juan, Puerto Rico :bTalleres de "La Correspondencia",c1943. a204 p. ;c22 cm. aPerteneció a la biblioteca personal de Juan Isidro Jimenes Grullón. 4aPuerto RicoxHistoriay1898-99073 4aPuerto RicoxPolítica Y Gobiernoy1898-930144 aValidado. Control de calidad MFF aBNGR 001052708MOaGRbGRcHDd2011-10-25iLF1l0o972.95 M672jp35079-10r2020-06-25w2020-06-25y2zPerteneció a la biblioteca personal de Juan Isidro Jimenes -GrullónZPréstamo interno c34570d34570